Tribhuvan University Central Library

लगानीका सिद्धान्तहरु / (Record no. 120228)

MARC details
000 -LEADER
fixed length control field 00714nam a22002057a 4500
008 - FIXED-LENGTH DATA ELEMENTS--GENERAL INFORMATION
fixed length control field 250213b |||||||| |||| 00| 0 eng d
020 ## - INTERNATIONAL STANDARD BOOK NUMBER
International Standard Book Number 9994645323
082 ## - DEWEY DECIMAL CLASSIFICATION NUMBER
Edition number 23rd
Classification number N332.6
Item number J921l
100 1# - MAIN ENTRY--PERSONAL NAME
Personal name जाेशी, पदमराज
241 ## - ROMANIZED TITLE (BK AM CF MP MU VM)
Romanized title Laganika sidantaharu / Padam Raj Joshi.
245 ## - TITLE STATEMENT
Title लगानीका सिद्धान्तहरु /
Statement of responsibility, etc. पदमराज जाेशी.
246 ## - VARYING FORM OF TITLE
Title proper/short title Principles of investment.
250 ## - EDITION STATEMENT
Edition statement 2nd ed.
260 ## - PUBLICATION, DISTRIBUTION, ETC.
Place of publication, distribution, etc. काठमाडाैं :
Name of publisher, distributor, etc. अस्मिता बुक्स,
Date of publication, distribution, etc. २०६५वि.
300 ## - PHYSICAL DESCRIPTION
Extent 460p.
504 ## - BIBLIOGRAPHY, ETC. NOTE
Bibliography, etc. note Includes bibliography.
650 ## - SUBJECT ADDED ENTRY--TOPICAL TERM
Topical term or geographic name entry element Investment
650 ## - SUBJECT ADDED ENTRY--TOPICAL TERM
Topical term or geographic name entry element लगानी
942 ## - ADDED ENTRY ELEMENTS (KOHA)
Source of classification or shelving scheme Dewey Decimal Classification
Koha item type ISBN
Holdings
Withdrawn status Lost status Source of classification or shelving scheme Damaged status Not for loan Home library Current library Date acquired Total Checkouts Full call number Barcode Date last seen Price effective from Koha item type
    Dewey Decimal Classification     Tribhuvan University Central Library Tribhuvan University Central Library 02/13/2025   N332.6 J921l IS7420 02/13/2025 02/13/2025 ISBN